| 000 | 00444 a2200169 4500 | ||
|---|---|---|---|
| 001 | 131308 | ||
| 003 | OSt | ||
| 005 | 20210910161845.0 | ||
| 008 | |||
| 082 |
_a006.3 _bZ86I |
||
| 100 | 1 | _aZurada, Jacek M. | |
| 245 | 1 |
_aIntroduction to artificial neural system _cby Jacek M. Zurada |
|
| 260 |
_aAhmedabad _bJaico publishing _c2006 |
||
| 300 | _a683p. | ||
| 690 | _aArtificial intelligence | ||
| 942 |
_2ddc _cBK |
||
| 999 |
_c5828 _d5828 |
||